000 00564nam a22001817a 4500
005 20251108165812.0
008 250721s1992 xx 000 0 ara d
082 1 4 _aط/811.06/محم
100 1 _aنصار، محمد فتحي
245 1 0 _aلا تفعل هذا يا ولدي :
_bشعر /
264 1 _aطنطا :
_bدار الصحابة للتراث،
_c1992.
300 _a24ص
490 0 _aالأناشيد الإسلامية للأطفال
650 1 7 _aالشعر العربي
650 1 7 _aأدب الأطفال
942 _2ddc
_cBK
999 _c31679
_d31679